Longest Driving Time From Capital Quiz Stats

 Plays Quiz not verified by Sporcle

Also try: US City by Bus
Challenge
Share
Tweet
Score 0/66 Timer 10:00
0 Plays Today
Driving Time (km) Country % Correct
14h 51m (1266)China
96.4%
12h 1m (1003)Brazil
95.5%
5h 7m (450)Canada
95.5%
4h 43m (368)United States
95.1%
18h 2m (1462)South Africa
91.1%
18h 49m (1399)India
90.6%
5h 39m (532)Mexico
84.8%
9h 46m (505)Chile
83.5%
7h 59m (699)Argentina
81.7%
5h 44m (452)Turkey
80.4%
1d 11h (2394)Democratic Republic of the Congo
79.9%
16h 40m (1463)Pakistan
79.9%
7h 0m (776)France
79%
15h 56m (1218)Kazakhstan
78.6%
5h 33m (594)Italy
78.6%
8h 5m (644)New Zealand
76.8%
6h 20m (483)Ukraine
76.8%
6h 9m (619)Spain
76.3%
11h 20m (892)Niger
75.9%
6h 40m (512)Japan
75.9%
22h 17m (1564)Vietnam
75.4%
12h 59m (782)Indonesia
75.4%
9h 32m (899)Iran
75.4%
5h 10m (328)Mongolia
75.4%
13h 18m (1020)Peru
74.1%
10h 13m (730)Nigeria
74.1%
4h 57m (468)Sweden
72.3%
6h 47m (518)Norway
71.9%
6h 15m (477)Chad
68.8%
13h 2m (1014)Libya
68.3%
4h 53m (364)Mali
67%
6h 29m (445)Ethiopia
66.1%
6h 18m (487)Kenya
65.6%
Driving Time (km) Country % Correct
7h 46m (599)Angola
65.2%
14h 51m (1070)Bolivia
64.7%
10h 38m (714)Namibia
64.7%
19h 50m (1535)Somalia
64.3%
5h 58m (453)Tanzania
63.4%
7h 54m (613)Turkmenistan
62.1%
4h 12m (323)Madagascar
61.6%
6h 27m (502)Republic of the Congo
60.7%
8h 29m (670)Laos
59.8%
5h 26m (502)Greece
59.8%
6h 21m (435)Zimbabwe
59.4%
1d 5h (2172)Mozambique
58.9%
8h 15m (604)Mauritania
58.9%
4h 5m (319)Zambia
58.9%
9h 48m (748)Tajikistan
58%
5h 34m (391)Romania
55.4%
4h 27m (297)Cambodia
55.4%
4h 38m (325)Paraguay
54.9%
8h 21m (585)Kyrgyzstan
53.6%
4h 32m (437)Botswana
53.6%
5h 27m (299)Belarus
52.7%
4h 23m (337)Uganda
49.1%
7h 39m (294)Bangladesh
46.4%
16h 17m (1247)Eritrea
43.3%
4h 50m (366)Malawi
39.7%
4h 31m (353)Burkina Faso
38.4%
8h 6m (637)Guinea
35.7%
4h 51m (386)Iceland
33.9%
5h 1m (460)Slovakia
31.7%
5h 43m (382)Azerbaijan
31.3%
4h 27m (342)Togo
31.3%
11h 19m (699)Gabon
29.9%
5h 10m (356)Taiwan
26.3%

You're not logged in!

Compare scores with friends on all Sporcle quizzes.
Join for Free
OR
Log In

Show Comments

Extras

Top Quizzes Today


Score Distribution

Your Account Isn't Verified!

In order to create a playlist on Sporcle, you need to verify the email address you used during registration. Go to your Sporcle Settings to finish the process.

Report this User

Report this user for behavior that violates our Community Guidelines.

Details: